Diferenciación genética en poblaciones del género Inia (Blainville, 1817) y aportes a su taxonomía por medio del análisis de la región D-loop del ADN mitocondrial (Registro nro. 1637)

Detalles MARC
000 -CABECERA
Campo de control 00801nam a2200229 a 4500
005 - FECHA Y HORA DE LA ULTIMA TRANSACCION
Campo de control 20191224041609.0
008 - ELEMENTOS DE LONGITUD FIJA—INFORMACION GENERAL
Campo de control 140303b2000 ck |||||rm||| 00| 0 spa d
040 ## - FUENTE DE CATALOGACIÓN
Agencia catalogadora original CO-BoIAVH
Agencia transcriptora CO-BoIAVH
041 ## - IDIOMA
Código de idioma para texto/pista de sonido o título separado Español
044 ## - PAÍS DE PUBLICACIÓN
País de publicación Colombia
090 ## - CLASIFICACIÓN LOCAL
Colección TE
Consecutivo 0114
100 ## - ASIENTO PRINCIPAL--NOMBRE PERSONAL
Nombre personal Banguerra Hinestroza, Eugenia
9 (RLIN) 13150
245 ## - MENCION DE TITULO
Título Diferenciación genética en poblaciones del género Inia (Blainville, 1817) y aportes a su taxonomía por medio del análisis de la región D-loop del ADN mitocondrial
260 ## - PUBLICACION, DISTRIBUCION, ETC. (PIE DE IMPRENTA)
Lugar de publicación, distribución, etc. Santiago de Cali
Nombre del editor, distribuidor, etc. Universidad del Valle. Departamento de Biología
Fecha de publicación, distribución, etc. 2000
300 ## - DESCRIPCION FISICA
Extensión 104 Paginas
650 14 - ASIENTO SECUNDARIO DE MATERIA - TERMINO TEMATICO
Término temático o nombre geográfico como elemento de entrada Ecología de poblaciones
9 (RLIN) 3557
650 14 - ASIENTO SECUNDARIO DE MATERIA - TERMINO TEMATICO
Término temático o nombre geográfico como elemento de entrada Inia
9 (RLIN) 13151
650 14 - ASIENTO SECUNDARIO DE MATERIA - TERMINO TEMATICO
Término temático o nombre geográfico como elemento de entrada Taxonomía
9 (RLIN) 75293
650 14 - ASIENTO SECUNDARIO DE MATERIA - TERMINO TEMATICO
Término temático o nombre geográfico como elemento de entrada Biología molecular
9 (RLIN) 75294
650 14 - ASIENTO SECUNDARIO DE MATERIA - TERMINO TEMATICO
Término temático o nombre geográfico como elemento de entrada Genética
9 (RLIN) 75295
942 ## - ELEMENTOS ADICIONALES (KOHA)
Tipo de ítem Tesis
Sistema de clasificación Local
Existencias
Withdrawn status Lost status Sistema de Clasificación Damaged status No para préstamo Colección Inventariado Ubicación Permanente Ubicación actual Fecha de adquisición Total Checkouts Número topográfico Inventario / Código de Barras Date last seen Ejemplar Price effective from Forma de adquisición Tipo de material Public note
    Local     Tesis Inventariado 2017 Bogotá Bogotá 16/01/2001   TE-0114 002253 04/12/2012 Ej. 1 04/12/2012 Donación Tesis Disponible solo para consulta en sala